000 00477nam a2200181Ia 4500
008 230711s9999||||xx |||||||||||||| ||und||
020 _a978-142008176-3
041 _aENG
082 _a615.19
_bCA-I
100 _aCartwright,Anthony C
245 0 _aInternational pharmaceutical product registration
250 _a2nd Ed.
260 _c2009
_aNew York
_bInforma Healthcare Publications
300 _a835p.
650 _aPharmacy
700 _aMatthews,Brian R
942 _cBK
999 _c7054
_d7054